| 000 | 01473ncm0a2200349 4500 | ||
|---|---|---|---|
| 001 | RU\NLR\ONIZ\223190 | ||
| 005 | 20250626104415.0 | ||
| 035 | _aRU\NLR\ONIZ\GALA\5000032320\20180305170850 | ||
| 035 | _a(NLR Aleph) 011657397 | ||
| 071 | 2 | 0 | _aс 3741 к |
| 090 |
_a11163127 _c11163127 |
||
| 100 | _a20180305d2005 |||y0rusy50 ca | ||
| 101 | 0 | _arus | |
| 102 | _aRU | ||
| 125 | _aax | ||
| 200 | 1 |
_aКонцертная сюита из музыки к кинофильму "Мелодии белой ночи" _bНоты _dConcert suite from the film "Melodies of the white night" _zeng _fИ Шварц |
|
| 208 | _aПартитура | ||
| 210 |
_aСанкт-Петербург _cКомпозитор - Санкт-Петербург _dcop. 2005 |
||
| 215 |
_a75 с. _d29 см |
||
| 500 | 0 | 0 |
_aМелодии белой ночи _lНоты / сюита _rсимфонический оркестр |
| 606 | 1 |
_aСюиты к кинофильмам для симфонического оркестра _xПартитуры _2nlr_sh |
|
| 686 |
_aЩ951.1-043(2Р)П _vLBC/SL _2rubbk |
||
| 700 | 1 |
_9z02790 _aШварц _bИ. И. _f1923-2009 _gИсаак Иосифович _4230 _7ca |
|
| 790 | 1 |
_9z02700 _aShvarts _bI. I. _f1923-2009 _gIsaak Iosifovich _4230 _7ba |
|
| 801 | 0 |
_aRU _bNLR _c20180305 _gPSBO |
|
| 801 | 1 |
_aRU _bNLR _c20180305 _2rusmarc |
|
| 801 | 2 |
_aRU _bNLR _c20181226 |
|
| 852 |
_aNLR _bМ _jК-3/29307 _p259682 _t1 |
||
| 942 | _cSCORE | ||
| 980 | _aNB | ||
| 980 | _aONIZ | ||